[Event "Barcelona Sant Marti op-A 25th"]
[Site "Barcelona"]
[Date "2025.07.21"]
[Round "9"]
[White "Kshatriya, Nitin Vekhande"]
[Black "Blasco Cardona, Pol"]
[Result "1/2-1/2"]
[WhiteElo "2255"]
[BlackElo "2131"]
[PlyCount "53"]
[EventDate "2025.07.13"]
[EventType "swiss"]
[EventRounds "9"]
[EventCountry "ESP"]
[SourceTitle "CB30_2025"]
[SourceDate "2025.07.23"]
[SourceVersion "1"]
[SourceVersionDate "2025.07.23"]
[SourceQuality "1"]

1. e4 e6 2. d3 d5 3. Nd2 c5 4. Ngf3 Nc6 5. g3 Nf6 6. Bg2 Be7 7. 0-0 b6 8. Re1 Bb7 9. e5 Nd7 10. c4 dxc4 11. Nxc4 0-0 12. Bf4 Qc7 13. Rc1 b5 14. Ne3 Nb6 15. a3 Rad8 16. Ng4 Qd7 17. Ng5 Qxd3 18. Ne4 Qxd1 19. Rcxd1 Nd4 20. Nef6+ Bxf6 21. exf6 Ne2+ 22. Kf1 Bxg2+ 23. Kxe2 Bh3 24. Ne3 Nd5 25. Nxd5 exd5 26. fxg7 Kxg7 27. Rc1 1/2-1/2

[Event "Barcelona Sant Marti op-A 25th"]
[Site "Barcelona"]
[Date "2025.07.20"]
[Round "8"]
[White "Khayrullin, Denis"]
[Black "Kshatriya, Nitin Vekhande"]
[Result "1-0"]
[WhiteElo "2386"]
[BlackElo "2255"]
[PlyCount "77"]
[EventDate "2025.07.13"]
[EventType "swiss"]
[EventRounds "9"]
[EventCountry "ESP"]
[SourceTitle "CB30_2025"]
[SourceDate "2025.07.23"]
[SourceVersion "1"]
[SourceVersionDate "2025.07.23"]
[SourceQuality "1"]

1. d4 Nf6 2. c4 e6 3. Nf3 d5 4. g3 Be7 5. Bg2 0-0 6. Qc2 dxc4 7. Qxc4 Bd7 8. Ne5 c6 9. 0-0 Na6 10. Nc3 Rc8 11. Rd1 h6 12. a3 b5 13. Qd3 Qb6 14. Nxd7 Nxd7 15. Be3 Qd8 16. Rac1 Nb6 17. b3 Qd7 18. Ra1 Rfd8 19. Qb1 Nd5 20. Bd2 Nf6 21. Be1 Qc7 22. b4 e5 23. d5 cxd5 24. Nxd5 Nxd5 25. Bxd5 Nb8 26. Qf5 Bf6 27. Be4 Nd7 28. Qh7+ Kf8 29. Bd2 Ke7 30. Qf5 Nf8 31. Rac1 Qb8 32. Rxc8 Rxc8 33. Be3 Ne6 34. Bd5 Nd4 35. Rxd4 exd4 36. Bf4 Rc7 37. Bc6 Kf8 38. Qh7 g6 39. Bd6+ 1-0

[Event "Barcelona Sant Marti op-A 25th"]
[Site "Barcelona"]
[Date "2025.07.19"]
[Round "7"]
[White "Kshatriya, Nitin Vekhande"]
[Black "Abhinessh, S."]
[Result "1-0"]
[WhiteElo "2255"]
[BlackElo "1922"]
[PlyCount "69"]
[EventDate "2025.07.13"]
[EventType "swiss"]
[EventRounds "9"]
[EventCountry "ESP"]
[SourceTitle "CB30_2025"]
[SourceDate "2025.07.23"]
[SourceVersion "1"]
[SourceVersionDate "2025.07.23"]
[SourceQuality "1"]

1. e4 c6 2. d4 g6 3. Nf3 Bg7 4. Nc3 d6 5. h3 Nf6 6. Be3 Qc7 7. a4 0-0 8. Be2 Nbd7 9. 0-0 e5 10. Re1 Rd8 11. Bc4 Nf8 12. d5 h6 13. Qd2 g5 14. h4 g4 15. Nh2 Kh7 16. g3 Qe7 17. Rf1 Ng6 18. f3 Nxh4 19. fxg4 Nxg4 20. Nxg4 Bxg4 21. gxh4 Rg8 22. dxc6 Qxh4 23. Qh2 Bh3 24. Kh1 Bf6 25. Rg1 d5 26. Bf2 Qf4 27. Qxf4 exf4 28. cxb7 dxc4 29. bxa8Q Rxa8 30. Ne2 Bxb2 31. Rab1 c3 32. Nxf4 Bd7 33. Bd4 h5 34. Nxh5 Kh6 35. Nf6 1-0

[Event "Barcelona Sant Marti op-A 25th"]
[Site "Barcelona"]
[Date "2025.07.17"]
[Round "5"]
[White "Kshatriya, Nitin Vekhande"]
[Black "Diaz Perez, Michel Alejandro"]
[Result "0-1"]
[WhiteElo "2255"]
[BlackElo "2459"]
[PlyCount "172"]
[EventDate "2025.07.13"]
[EventType "swiss"]
[EventRounds "9"]
[EventCountry "ESP"]
[SourceTitle "CB30_2025"]
[SourceDate "2025.07.23"]
[SourceVersion "1"]
[SourceVersionDate "2025.07.23"]
[SourceQuality "1"]

1. e4 c5 2. Nf3 d6 3. d4 cxd4 4. Nxd4 Nf6 5. Nc3 a6 6. Be2 e5 7. Nb3 Be7 8. 0-0 0-0 9. Kh1 b6 10. Be3 Bb7 11. f3 b5 12. a3 Nbd7 13. Qd2 Rc8 14. Rfd1 Nb6 15. Bg5 Ne8 16. Be3 h6 17. Nc1 Nf6 18. N1a2 Qc7 19. Nb4 Nc4 20. Bxc4 Qxc4 21. Rac1 Rfd8 22. Nbd5 Nxd5 23. Nxd5 Bxd5 24. Qxd5 Qxd5 25. Rxd5 Bg5 26. Bxg5 hxg5 27. c3 Rc5 28. Rcd1 Rxd5 29. Rxd5 Kf8 30. Kg1 Ke7 31. Kf2 Ke6 32. h3 g6 33. Ke2 Rc8 34. Kd3 f5 35. Ke3 Rc7 36. Ke2 Rc6 37. Ke3 Rc4 38. Kd3 Rc8 39. Ke3 Rh8 40. Rd1 Kd7 41. Rd2 Kc6 42. Rd1 Kd7 43. Rd2 Ke7 44. Rd1 Rf8 45. Ke2 Ke6 46. Ke3 Rf7 47. Ke2 Rc7 48. Rd5 Rc6 49. Ke3 Rb6 50. Kd3 Rb8 51. Ke3 Kd7 52. Ke2 Kc6 53. Ke3 Ra8 54. Ke2 a5 55. b3 a4 56. b4 Rf8 57. Rd1 fxe4 58. fxe4 Rf4 59. Ke3 g4 60. hxg4 Rxg4 61. Kf3 Rf4+ 62. Ke3 g5 63. Rh1 Rh4 64. Rf1 Rg4 65. Rf8 Rxg2 66. Rc8+ Kb7 67. Rg8 g4 68. Rg7+ Kc6 69. Kd3 Rg1 70. Kc2 g3 71. Kb2 g2 72. Ka2 d5 73. Rg6+ Kd7 74. exd5 e4 75. c4 bxc4 76. b5 c3 77. Rg7+ Kd6 78. b6 c2 79. b7 Ra1+ 80. Kxa1 c1Q+ 81. Ka2 Qc2+ 82. Ka1 Qc3+ 83. Ka2 Qb3+ 84. Ka1 Qxa3+ 85. Kb1 Qb3+ 86. Ka1 Qxb7 0-1

[Event "Barcelona Sant Marti op-A 25th"]
[Site "Barcelona"]
[Date "2025.07.16"]
[Round "4"]
[White "Kshatriya, Nitin Vekhande"]
[Black "Ruiz Buendia, Miguel"]
[Result "1/2-1/2"]
[WhiteElo "2255"]
[BlackElo "2368"]
[PlyCount "169"]
[EventDate "2025.07.13"]
[EventType "swiss"]
[EventRounds "9"]
[EventCountry "ESP"]
[SourceTitle "CB30_2025"]
[SourceDate "2025.07.23"]
[SourceVersion "1"]
[SourceVersionDate "2025.07.23"]
[SourceQuality "1"]

1. e4 c5 2. Nf3 d6 3. d4 cxd4 4. Nxd4 Nf6 5. Nc3 a6 6. Be2 e5 7. Nb3 Be7 8. 0-0 0-0 9. Kh1 Nc6 10. f4 Re8 11. a3 h6 12. f5 b5 13. Bf3 Bb7 14. Nd5 Rc8 15. Be3 Nxd5 16. exd5 Nd4 17. Nxd4 exd4 18. Bxd4 Bf6 19. c3 Qe7 20. Bf2 Qd7 21. Qd3 Re7 22. Rae1 Rce8 23. Kg1 Bc8 24. g4 Kf8 25. Kg2 a5 26. Rxe7 Rxe7 27. Re1 Rxe1 28. Bxe1 Be5 29. Qe3 h5 30. h3 hxg4 31. hxg4 Qc7 32. Bf2 Bd7 33. Qb6 Qxb6 34. Bxb6 a4 35. Be3 g6 36. fxg6 fxg6 37. Be2 Kf7 38. Kf3 Kf6 39. g5+ Ke7 40. Bd3 Be8 41. Ke2 Kd8 42. Kd2 Kc7 43. Kc2 Kb7 44. b3 Kc7 45. c4 axb3+ 46. Kxb3 bxc4+ 47. Bxc4 Bg3 48. Bd2 Kb6 49. a4 Bf2 50. Bb4 Kc7 51. Ba5+ Kb7 52. Bd8 Kc8 53. Be7 Kd7 54. Bf6 Kc7 55. a5 Be1 56. Bc3 Bxc3 57. Kxc3 Kb7 58. Kb4 Bf7 59. Bd3 Ka7 60. Ka4 Kb7 61. Kb5 Be8+ 62. Kc4 Bf7 63. Kd4 Be8 64. Be2 Ka7 65. Kc4 Kb7 66. Bg4 Kc7 67. Kb4 Kb7 68. Kc3 Ka6 69. Kb4 Kb7 70. Be6 Kc7 71. a6 Kb6 72. Bc8 Bf7 73. Kc4 Be8 74. Kc3 Bb5 75. Kd4 Be8 76. Bb7 Bd7 77. Kc3 Bf5 78. Kd4 Bg4 79. Kc3 Be2 80. Bc8 Bf3 81. Kd4 Bd1 82. Kd3 Bf3 83. Kd4 Bd1 84. Ke3 Bc2 85. Kd4 1/2-1/2

[Event "Barcelona Sant Marti op-A 25th"]
[Site "Barcelona"]
[Date "2025.07.13"]
[Round "1"]
[White "Mahish, SA."]
[Black "Kshatriya, Nitin Vekhande"]
[Result "0-1"]
[WhiteElo "1985"]
[BlackElo "2255"]
[PlyCount "96"]
[EventDate "2025.07.13"]
[EventType "swiss"]
[EventRounds "9"]
[EventCountry "ESP"]
[SourceTitle "CB30_2025"]
[SourceDate "2025.07.23"]
[SourceVersion "1"]
[SourceVersionDate "2025.07.23"]
[SourceQuality "1"]

1. c4 e6 2. Nf3 d5 3. e3 Nf6 4. Nc3 Be7 5. b3 c5 6. cxd5 exd5 7. Bb5+ Bd7 8. Bxd7+ Nbxd7 9. 0-0 0-0 10. d4 a6 11. Bb2 Rc8 12. Rc1 Re8 13. a3 b5 14. dxc5 Nxc5 15. Ne2 Qd7 16. Ned4 Bd6 17. h3 Nfe4 18. Rc2 Bb8 19. Qb1 a5 20. Ba1 b4 21. a4 f6 22. Rd1 Red8 23. Nb5 Qf7 24. Rdc1 Qb7 25. Bd4 Ne6 26. Rxc8 Rxc8 27. Rxc8+ Qxc8 28. Bb2 Kf7 29. Qd1 Qd7 30. Kf1 Kf8 31. Kg1 Kg8 32. Qc2 h6 33. Qd1 Kf7 34. Qc2 Bd6 35. Nxd6+ Qxd6 36. Nd4 Qc5 37. Qe2 Nxd4 38. Bxd4 Qc1+ 39. Kh2 Nd2 40. g3 Nxb3 41. Qh5+ Kf8 42. Qxd5 Qc2 43. e4 Nxd4 44. Qxd4 Qc7 45. Kg2 b3 46. Kf3 Qb7 47. Qb2 f5 48. Qa3+ Kg8 0-1

[Event "Barbera del Valles op 47th"]
[Site "Barbera del Valles"]
[Date "2025.07.07"]
[Round "4"]
[White "Kshatriya, Nitin Vekhande"]
[Black "Grigoryan, Karen H"]
[Result "1-0"]
[WhiteElo "2255"]
[BlackElo "2502"]
[PlyCount "89"]
[EventDate "2025.07.04"]
[EventType "swiss"]
[EventRounds "8"]
[EventCountry "ESP"]
[SourceTitle "CB29_2025"]
[SourceDate "2025.07.16"]
[SourceVersion "1"]
[SourceVersionDate "2025.07.16"]
[SourceQuality "1"]

1. e4 e6 2. d4 d5 3. exd5 exd5 4. Bd3 Bd6 5. Nf3 Bg4 6. 0-0 Ne7 7. c3 Nbc6 8. Nbd2 Qd7 9. Re1 f6 10. a4 a5 11. Qe2 0-0-0 12. h3 Bh5 13. Nb3 Ng6 14. Qc2 Nce7 15. Nh2 c6 16. Nc5 Bxc5 17. dxc5 Ne5 18. Bf4 Nxd3 19. Qxd3 g5 20. Bg3 Bg6 21. Qd2 Nf5 22. Nf1 Rhe8 23. Bh2 Rxe1 24. Rxe1 Re8 25. c4 Rxe1 26. Qxe1 Kd8 27. cxd5 Qxd5 28. Qxa5+ Ke7 29. Qb4 Qd7 30. g4 Nh4 31. Ne3 h5 32. Bg3 Nf3+ 33. Kg2 Ne5 34. Bxe5 fxe5 35. gxh5 Bxh5 36. Qe4 Qe6 37. Nf5+ Kf8 38. Nd6 g4 39. hxg4 Bxg4 40. f3 Bh3+ 41. Kg3 Bf1 42. Qh7 Ba6 43. Qh8+ Qg8+ 44. Qxg8+ Kxg8 45. b4 1-0

[Event "Bengaluru Namma op 2nd"]
[Site "Bengaluru"]
[Date "2025.04.18"]
[Round "10"]
[White "Kshatriya, Nitin Vekhande"]
[Black "Vaz, Ethan"]
[Result "0-1"]
[WhiteElo "2133"]
[BlackElo "2430"]
[PlyCount "112"]
[EventDate "2025.04.10"]
[EventType "swiss"]
[EventRounds "10"]
[EventCountry "IND"]
[SourceTitle "CB18_2025"]
[SourceDate "2025.04.30"]
[SourceVersion "1"]
[SourceVersionDate "2025.04.30"]
[SourceQuality "1"]

1. e4 e5 2. Nf3 Nc6 3. Bc4 Nf6 4. d3 h6 5. Nc3 d6 6. h3 g6 7. Be3 Bg7 8. Bb3 a6 9. Qd2 Na5 10. d4 Qe7 11. 0-0-0 Nxb3+ 12. axb3 Bd7 13. dxe5 dxe5 14. Nxe5 Qxe5 15. Bd4 Qe6 16. Nd5 0-0 17. Nxf6+ Bxf6 18. Bxf6 Qxf6 19. Qxd7 Qxf2 20. Qd2 Qb6 21. Qxh6 a5 22. Rd3 a4 23. Qe3 c5 24. bxa4 Rxa4 25. Ra3 Rfa8 26. Rd1 Rxa3 27. bxa3 Qf6 28. e5 Qc6 29. Qf3 Qxf3 30. gxf3 Rxa3 31. Rd5 b6 32. Rd6 Rxf3 33. e6 fxe6 34. Rxe6 Kg7 35. Rxb6 Rxh3 36. Rc6 Rh5 37. Kd2 Re5 38. Kd3 g5 39. c4 g4 40. Ra6 g3 41. Ra1 g2 42. Rg1 Rg5 43. Ke4 Kf6 44. Kf4 Rg8 45. Ke4 Ke6 46. Kf4 Rg7 47. Re1+ Kd6 48. Rg1 Kc6 49. Ke5 Kb6 50. Kd5 Rg5+ 51. Ke4 Ka5 52. Kd3 Rg3+ 53. Ke4 Kb4 54. Kd5 Rg5+ 55. Ke4 Kxc4 56. Kf3 Kb3 0-1

[Event "Bengaluru Namma op 2nd"]
[Site "Bengaluru"]
[Date "2025.04.11"]
[Round "2"]
[White "Kshatriya, Nitin Vekhande"]
[Black "Nitish, Belurkar"]
[Result "0-1"]
[WhiteElo "2133"]
[BlackElo "2441"]
[PlyCount "80"]
[EventDate "2025.04.10"]
[EventType "swiss"]
[EventRounds "10"]
[EventCountry "IND"]
[SourceTitle "CB18_2025"]
[SourceDate "2025.04.30"]
[SourceVersion "1"]
[SourceVersionDate "2025.04.30"]
[SourceQuality "1"]

1. e4 e6 2. d3 d5 3. Nd2 c5 4. g3 Nc6 5. Bg2 g6 6. Ngf3 Bg7 7. 0-0 Nf6 8. c3 0-0 9. Re1 a5 10. a4 b6 11. Nf1 dxe4 12. dxe4 Qxd1 13. Rxd1 Ba6 14. Bf4 Nxe4 15. Ne1 f5 16. Nd2 Nxd2 17. Bxc6 Nb3 18. Bxa8 Nxa1 19. Bc6 Nb3 20. Bc7 Rc8 21. Rd8+ Rxd8 22. Bxd8 Kf7 23. Bxb6 Ke7 24. Bc7 Bc8 25. Nc2 Bd7 26. Bb5 Bxb5 27. axb5 Kd7 28. Bb6 Bh6 29. Na3 Bc1 30. Nc4 a4 31. Ba7 Kc7 32. Nb6 Kb7 33. Nxa4 Kxa7 34. Kf1 c4 35. f4 Be3 36. Ke2 Bg1 37. h3 Nc5 38. Nxc5 Bxc5 39. g4 Kb6 40. Kd2 Kxb5 0-1

[Event "Titled Tuesday intern op 01st Apr Early"]
[Site "Chess.com INT"]
[Date "2025.04.01"]
[Round "10"]
[White "Kshatriya, Nitin Vekhande"]
[Black "Klepikov, Nikita"]
[Result "1-0"]
[WhiteElo "2133"]
[BlackElo "2059"]
[PlyCount "61"]
[EventDate "2025.04.01"]
[EventType "swiss (blitz)"]
[EventRounds "11"]
[EventCountry "USA"]
[SourceTitle "CB15_2025"]
[SourceDate "2025.04.09"]
[SourceVersion "1"]
[SourceVersionDate "2025.04.09"]
[SourceQuality "1"]

1. e4 c5 2. Nf3 Nc6 3. Bb5 g6 4. c3 Bg7 5. d4 cxd4 6. cxd4 d5 7. e5 Bg4 8. 0-0 e6 9. Nc3 Nge7 10. h3 Bxf3 11. Qxf3 0-0 12. Rd1 a6 13. Bxc6 Nxc6 14. Qg3 h6 15. Be3 b5 16. a3 Na5 17. Rac1 Rc8 18. Na2 Nc4 19. b3 Nxa3 20. Rxc8 Qxc8 21. Bc1 Qc2 22. Rd2 Qb1 23. Qc3 h5 24. Kh2 b4 25. Qxb4 Nb5 26. Rb2 Qe4 27. Be3 Rc8 28. Qd2 Na3 29. Nb4 a5 30. Nd3 h4 31. Nc5 1-0

[Event "Titled Tuesday intern op 01st Apr Early"]
[Site "Chess.com INT"]
[Date "2025.04.01"]
[Round "6"]
[White "Mateus, Martha"]
[Black "Kshatriya, Nitin Vekhande"]
[Result "1-0"]
[WhiteElo "1967"]
[BlackElo "2133"]
[PlyCount "117"]
[EventDate "2025.04.01"]
[EventType "swiss (blitz)"]
[EventRounds "11"]
[EventCountry "USA"]
[SourceTitle "CB15_2025"]
[SourceDate "2025.04.09"]
[SourceVersion "1"]
[SourceVersionDate "2025.04.09"]
[SourceQuality "1"]

1. d4 Nf6 2. c4 e6 3. Nc3 Bb4 4. f3 c5 5. d5 d6 6. e4 0-0 7. Bd3 b5 8. Nge2 Nbd7 9. 0-0 bxc4 10. Bxc4 Nb6 11. Bd3 Bxc3 12. Nxc3 exd5 13. exd5 Nbxd5 14. Nxd5 Nxd5 15. Bxh7+ Kxh7 16. Qxd5 Be6 17. Qd3+ Kg8 18. Bf4 d5 19. Rac1 Qb6 20. Qd2 Rac8 21. Rfd1 Rfd8 22. Be5 f6 23. Bf4 Kf7 24. Qf2 d4 25. b3 Rd5 26. Re1 Bf5 27. Qe2 Qb7 28. Qc4 Be6 29. Qd3 Re8 30. Qh7 Bf5 31. Qh5+ Bg6 32. Qg4 Rxe1+ 33. Rxe1 d3 34. Qe6+ Kf8 35. Bd6+ Rxd6 36. Qxd6+ Kg8 37. Qxc5 Qd7 38. Rd1 Kh7 39. Qe3 a6 40. Rd2 Qc6 41. Kf2 Qd5 42. h4 Qd6 43. g3 Qc7 44. h5 Bf5 45. Qf4 Qc5+ 46. Kg2 Kg8 47. g4 Bh7 48. Qc4+ Qxc4 49. bxc4 Kf7 50. Kf2 Ke7 51. Ke3 Kd6 52. Kd4 Kc6 53. Rxd3 Bxd3 54. Kxd3 Kc5 55. Kc3 a5 56. f4 a4 57. g5 fxg5 58. fxg5 a3 59. h6 1-0

[Event "Titled Tuesday intern op 11th Mar Early"]
[Site "Chess.com INT"]
[Date "2025.03.11"]
[Round "10"]
[White "Burmakin, Vladimir"]
[Black "Kshatriya, Nitin Vekhande"]
[Result "0-1"]
[WhiteElo "2435"]
[BlackElo "2133"]
[PlyCount "118"]
[EventDate "2025.03.11"]
[EventType "swiss (blitz)"]
[EventRounds "11"]
[EventCountry "USA"]
[SourceTitle "CB12_2025"]
[SourceDate "2025.03.19"]
[SourceVersion "1"]
[SourceVersionDate "2025.03.19"]
[SourceQuality "1"]

1. d4 Nf6 2. Nf3 d5 3. g3 e6 4. Bg2 Be7 5. c4 0-0 6. Qc2 dxc4 7. Qxc4 a6 8. Qc2 Bd7 9. 0-0 Bc6 10. Nc3 Nbd7 11. e4 h6 12. Rd1 b5 13. d5 exd5 14. Nxd5 Bxd5 15. exd5 Nb6 16. Ne5 Rc8 17. Nc6 Qd7 18. Be3 Rfe8 19. Qb3 Nc4 20. Bd4 Qf5 21. a4 Ne4 22. axb5 axb5 23. Qxb5 Ncd6 24. Qd3 Bf6 25. f3 Ng5 26. Qxf5 Nxf5 27. Bxf6 gxf6 28. Re1 Ne3 29. f4 Nxg2 30. Kxg2 Ne4 31. Ra7 f5 32. Nd4 Rcd8 33. Nxf5 Rxd5 34. Nxh6+ Kg7 35. Ng4 Rd2+ 36. Kg1 Rxb2 37. Rxc7 Rd8 38. Ne3 Nd2 39. Re2 Nf3+ 40. Kf2 Rxe2+ 41. Kxe2 Nxh2 42. Nf5+ Kf6 43. Ne3 Re8 44. Rc6+ Kg7 45. Kf2 f5 46. Nxf5+ Kf7 47. Ne3 Ra8 48. Rc7+ Ke6 49. Rc6+ Kf7 50. Rh6 Ra2+ 51. Kg1 Nf3+ 52. Kf1 Nd2+ 53. Ke1 Nf3+ 54. Kd1 Rd2+ 55. Kc1 Re2 56. Ng4 Rg2 57. Rh3 Ng1 58. Rh7+ Kg6 59. Rh6+ Kg7 0-1

[Event "Titled Tuesday intern op 04th Mar Early"]
[Site "Chess.com INT"]
[Date "2025.03.04"]
[Round "5"]
[White "Damjanovic, Vuk"]
[Black "Kshatriya, Nitin Vekhande"]
[Result "1/2-1/2"]
[WhiteElo "2368"]
[BlackElo "2133"]
[PlyCount "157"]
[EventDate "2025.03.04"]
[EventType "swiss (blitz)"]
[EventRounds "11"]
[EventCountry "USA"]
[SourceTitle "CB11_2025"]
[SourceDate "2025.03.12"]
[SourceVersion "1"]
[SourceVersionDate "2025.03.12"]
[SourceQuality "1"]

1. e4 c5 2. Nf3 d6 3. c3 Nf6 4. h3 e5 5. Bc4 Be7 6. d3 0-0 7. Nbd2 Nc6 8. a4 d5 9. exd5 Nxd5 10. Ne4 b6 11. 0-0 Bb7 12. Re1 Re8 13. Ng3 Bf8 14. Bg5 Qd7 15. Qc2 h6 16. Bd2 Rad8 17. Rad1 Nf4 18. Bxf4 exf4 19. Ne4 Ne5 20. Nxe5 Rxe5 21. Bb5 Bc6 22. c4 f3 23. Bxc6 Qxc6 24. gxf3 Qe6 25. Re2 Qxh3 26. Ng3 Rde8 27. Rde1 Bd6 28. f4 Rxe2 29. Rxe2 Rxe2 30. Qxe2 g6 31. Qe8+ Kg7 32. Qe4 Qg4 33. f5 Qxe4 34. Nxe4 Be5 35. fxg6 fxg6 36. b3 Kf7 37. Kg2 Ke6 38. Kf3 Bb8 39. a5 h5 40. a6 Ke5 41. Nc3 Kd4 42. Nd5 Kxd3 43. Ne7 b5 44. Nc6 Bc7 45. cxb5 Bb6 46. Ne5+ Kc3 47. Nc4 Bd8 48. b6 Bxb6 49. Nxb6 Kxb3 50. Nc8 Kb4 51. Nxa7 Ka5 52. Nc6+ Kxa6 53. Ne5 g5 54. Nc4 Kb5 55. Nd6+ Kb4 56. Ne4 c4 57. Nxg5 c3 58. Ke2 Kb3 59. Nf3 Kb2 60. Nd4 h4 61. f4 h3 62. Kf2 Ka3 63. f5 Kb4 64. f6 Kc4 65. Nc2 Kd3 66. f7 Kxc2 67. f8Q h2 68. Kg2 Kb1 69. Qf1+ Kb2 70. Qb5+ Kc2 71. Kxh2 Kd2 72. Qd5+ Kc1 73. Qc4 c2 74. Kg2 Kb1 75. Qb3+ Ka1 76. Qa3+ Kb1 77. Qb3+ Ka1 78. Qa3+ Kb1 79. Qb3+ 1/2-1/2

[Event "Titled Tuesday intern op 04th Mar Early"]
[Site "Chess.com INT"]
[Date "2025.03.04"]
[Round "1"]
[White "Kshatriya, Nitin Vekhande"]
[Black "Ibrahimli, Murad Sultanali"]
[Result "0-1"]
[WhiteElo "2133"]
[BlackElo "2421"]
[PlyCount "58"]
[EventDate "2025.03.04"]
[EventType "swiss (blitz)"]
[EventRounds "11"]
[EventCountry "USA"]
[SourceTitle "CB11_2025"]
[SourceDate "2025.03.12"]
[SourceVersion "1"]
[SourceVersionDate "2025.03.12"]
[SourceQuality "1"]

1. e4 c6 2. d4 d5 3. exd5 cxd5 4. Bd3 Nc6 5. c3 Qc7 6. Ne2 e6 7. 0-0 Bd6 8. g3 Nge7 9. Nd2 0-0 10. f4 Rb8 11. Kg2 b5 12. a3 a5 13. Nf3 b4 14. axb4 axb4 15. Neg1 bxc3 16. bxc3 g6 17. h4 Na5 18. Ba3 Bxa3 19. Rxa3 Nc4 20. Bxc4 dxc4 21. Qe2 Nd5 22. Rfa1 Bb7 23. Nh3 Ra8 24. Qd2 Rxa3 25. Rxa3 Nf6 26. Qe2 Bd5 27. Kg1 Qb7 28. Nd2 Qb2 29. Ra7 Ne4 0-1

[Event "Titled Tuesday intern op 25th Feb Early"]
[Site "Chess.com INT"]
[Date "2025.02.25"]
[Round "2"]
[White "Kshatriya, Nitin Vekhande"]
[Black "Lichtmannecker, Daniel"]
[Result "1-0"]
[WhiteElo "2133"]
[BlackElo "2181"]
[PlyCount "71"]
[EventDate "2025.02.25"]
[EventType "swiss (blitz)"]
[EventRounds "11"]
[EventCountry "USA"]
[SourceTitle "CB10_2025"]
[SourceDate "2025.03.05"]
[SourceVersion "1"]
[SourceVersionDate "2025.03.05"]
[SourceQuality "1"]

1. e4 e5 2. Nf3 Nc6 3. Bb5 a6 4. Bxc6 dxc6 5. d4 exd4 6. Qxd4 Qxd4 7. Nxd4 c5 8. Ne2 Nf6 9. Nbc3 Bd7 10. Bf4 0-0-0 11. 0-0-0 Ne8 12. f3 Be7 13. Nd5 Bd6 14. Nb6+ cxb6 15. Bxd6 Nxd6 16. Rxd6 Bc6 17. Rhd1 Rxd6 18. Rxd6 Kc7 19. Rd2 Rd8 20. Nf4 Rxd2 21. Kxd2 Kd6 22. Ke3 b5 23. h4 b4 24. b3 b6 25. Nh5 g6 26. Nf6 h5 27. g4 hxg4 28. Nxg4 Ke6 29. f4 f5 30. Ne5 Bxe4 31. Nxg6 Bxc2 32. h5 Kf6 33. Ne5 Bb1 34. Kd2 Bxa2 35. Kc2 c4 36. Nxc4 1-0

[Event "Titled Tuesday intern op 25th Feb Early"]
[Site "Chess.com INT"]
[Date "2025.02.25"]
[Round "10"]
[White "Kshatriya, Nitin Vekhande"]
[Black "Scarsi, Anna Laura"]
[Result "1-0"]
[WhiteElo "2133"]
[BlackElo "2154"]
[PlyCount "55"]
[EventDate "2025.02.25"]
[EventType "swiss (blitz)"]
[EventRounds "11"]
[EventCountry "USA"]
[SourceTitle "CB10_2025"]
[SourceDate "2025.03.05"]
[SourceVersion "1"]
[SourceVersionDate "2025.03.05"]
[SourceQuality "1"]

1. e4 c5 2. Nf3 e6 3. d3 Nc6 4. g3 g6 5. Bg2 Bg7 6. 0-0 Nge7 7. c3 d5 8. Nbd2 e5 9. exd5 Nxd5 10. Re1 0-0 11. Nc4 f6 12. h3 b5 13. Ne3 Nxe3 14. Bxe3 Qd6 15. Qb3+ Be6 16. Qxb5 Rfd8 17. Bxc5 Qc7 18. d4 Rab8 19. Qe2 Na5 20. b4 Bc4 21. Qe3 exd4 22. Nxd4 Bf7 23. Ne6 Bxe6 24. Qxe6+ Kh8 25. Be7 Re8 26. bxa5 Qxa5 27. Bb4 Qb5 28. Qd5 1-0

[Event "Titled Tuesday intern op 25th Feb Early"]
[Site "Chess.com INT"]
[Date "2025.02.25"]
[Round "6"]
[White "Rouast, Joseph"]
[Black "Kshatriya, Nitin Vekhande"]
[Result "0-1"]
[WhiteElo "2123"]
[BlackElo "2133"]
[PlyCount "80"]
[EventDate "2025.02.25"]
[EventType "swiss (blitz)"]
[EventRounds "11"]
[EventCountry "USA"]
[SourceTitle "CB10_2025"]
[SourceDate "2025.03.05"]
[SourceVersion "1"]
[SourceVersionDate "2025.03.05"]
[SourceQuality "1"]

1. e4 c5 2. Nf3 d6 3. c3 Nf6 4. Bd3 e5 5. h3 Be7 6. 0-0 g5 7. Nxg5 Rg8 8. h4 h6 9. Nf3 Nh5 10. g3 Bxh4 11. Kh2 Bg4 12. Qa4+ Bd7 13. Bb5 Be7 14. d4 cxd4 15. cxd4 Nf6 16. dxe5 Ng4+ 17. Kg2 dxe5 18. Rd1 Nc6 19. Nc3 Qb6 20. Qc2 Rc8 21. Qe2 a6 22. Ba4 Rg6 23. Nd5 Qa5 24. Bb3 Nd4 25. Nxd4 exd4 26. Rxd4 Bc5 27. Bd2 Qb5 28. Rc4 Ne5 29. Rac1 Bg4 30. Qf1 Bf3+ 31. Kg1 Rxg3+ 32. Kh2 Rg2+ 33. Qxg2 Bxg2 34. Kxg2 Nxc4 35. Bxc4 Qc6 36. Bc3 Qg6+ 37. Kf1 Kf8 38. Nf6 Rd8 39. e5 Be7 40. Rc2 Qxc2 0-1

[Event "Titled Tuesday intern op 04th Feb Early"]
[Site "Chess.com INT"]
[Date "2025.02.04"]
[Round "9"]
[White "Fishman, Albert"]
[Black "Kshatriya, Nitin Vekhande"]
[Result "1-0"]
[WhiteElo "2149"]
[BlackElo "2133"]
[PlyCount "145"]
[EventDate "2025.02.04"]
[EventType "swiss (blitz)"]
[EventRounds "11"]
[EventCountry "USA"]
[SourceTitle "CB07_2025"]
[SourceDate "2025.02.12"]
[SourceVersion "1"]
[SourceVersionDate "2025.02.12"]
[SourceQuality "1"]

1. e4 c5 2. Ne2 d6 3. g3 g6 4. Bg2 Bg7 5. 0-0 Nc6 6. c3 Nf6 7. h3 0-0 8. d4 cxd4 9. Nxd4 d5 10. exd5 Nxd5 11. Nxc6 bxc6 12. a4 Rb8 13. Nd2 Ba6 14. Re1 Re8 15. Ne4 Bc4 16. Nc5 Qd6 17. Ne4 Qc7 18. Nd2 Ba6 19. Nb3 Red8 20. Qc2 Qb6 21. Ra3 e5 22. a5 Qc7 23. Nc5 Bc4 24. b3 Bf8 25. bxc4 Bxc5 26. cxd5 Bxa3 27. Bxa3 cxd5 28. Bc1 Kg7 29. Qd2 Rb5 30. Qh6+ Kg8 31. Bg5 Rd6 32. Rxe5 Rb1+ 33. Kh2 Rb8 34. Rxd5 f6 35. Rxd6 Qxd6 36. Bf4 Qf8 37. Qxf8+ Rxf8 38. a6 Rc8 39. Be3 Rxc3 40. Bxa7 Ra3 41. Bb7 Kf7 42. Bc5 Ra5 43. Be3 Ke6 44. a7 h5 45. a8Q Rxa8 46. Bxa8 Kf5 47. Bb7 g5 48. Kg2 Kg6 49. Bc8 f5 50. Kf3 Kf6 51. h4 f4 52. hxg5+ Kxg5 53. Bxf4+ Kf6 54. Ke4 Kg6 55. Bf5+ Kf6 56. Be3 Kg7 57. Ke5 Kf7 58. Bg5 Kg7 59. Ke6 Kg8 60. Kf6 Kf8 61. Bg6 Kg8 62. Bxh5 Kf8 63. Bg6 Kg8 64. f4 Kf8 65. Bh6+ Kg8 66. g4 Kh8 67. g5 Kg8 68. Bd3 Kh8 69. g6 Kg8 70. Bc4+ Kh8 71. g7+ Kh7 72. g8Q+ Kxh6 73. Qh8# 1-0